000 00638nam a2200193Ia 4500
003 GCL
008 140319s9999 xx 000 0 ara d
040 _aGCL /
_cGCL
082 0 4 _a813.01
_bم ا
100 1 _aمحمد متولى
245 1 0 _aاصل وصورة :
_bمجموعة قصص قصيرة /
_cمحمد متولى
260 _aالقاهرة :
_bالمجلس الاعلى لرعاية الفنون والاداب ،
_c1980
300 _a37 ص ؛
_c24 سم
490 _a
650 0 4 _aالادب العربى
650 0 4 _aالقصص العربية
650 0 4 _aالقصص العربية القصيرة
942 _2ddc
_cBK
999 _c55869
_d55869